| 000 | 00388nam a2200133Ia 4500 | ||
|---|---|---|---|
| 008 | 231129s9999||||xx |||||||||||||| ||spa|| | ||
| 020 | _a958-04-2618-X | ||
| 040 | _bspa | ||
| 082 | _a651.75 G643c | ||
| 100 | _aGonzalez de Rios Beatriz | ||
| 245 | 0 | _aCorrespondencia comercial : Las comunicaciones empresariales | |
| 264 | _aNorma | ||
| 942 |
_2ddc _cBKS |
||
| 999 |
_c8143 _d8143 |
||